Colección de muñecas antiguas 'Lola Anglada' / Museo Romántico Provincial
Descripción Física:
24 p. : il., fot. ; 22 cm
MARC
| LEADER | 00000nam a2200000Ia 4500 | ||
|---|---|---|---|
| 001 | 14774 | ||
| 008 | 160829s9999 xx 000 0 cat d | ||
| 080 | |a FU-30-17 | ||
| 100 | |a Museu Romàntic (Sitges) | ||
| 245 | |a Colección de muñecas antiguas 'Lola Anglada' / Museo Romántico Provincial | ||
| 260 | |a [Sitges?] : |b el Museo, DL 1968 ([Barcelona] : |b Casa Provincial de Caridad, Impr - Escuela) | ||
| 300 | |a 24 p. : |b il., fot. ; |c 22 cm | ||
| 610 | 2 | 0 | |a Museu Romàntic (Sitges, Catalunya) |x Catàlegs |9 54994 |
| 650 | |a Nines |x Catàlegs |9 25925 | ||
| 650 | |a Nines |x Col·leccionistes i col·leccions |9 34633 | ||
| 901 | |a Arxiu | ||
| 942 | |n 1 | ||
| 952 | |0 0 |1 0 |4 0 |6 FU3017 |7 1 |9 43825 |a Arxiu |b Arxiu |d 2016-12-01 |l 0 |o FU-30-17 |p 14774 |r 2016-12-01 00:00:00 |w 2016-12-01 |y ARXIU | ||
| 999 | |c 46404 |d 46404 | ||